000 00291nam a22001217a 4500
008 170526b xxu||||| |||| 00| 0 eng d
041 _aeng
080 _a62
100 _a25
101 _aIM
245 _aCOMPLEX VARIABLES FOR SCIENTISTS AND ENGINEERS
_cPALIOURAS.J.D
942 _2udc
_cBK
999 _c14312
_d14312